Business Mathematics (Record no. 5126)

MARC details
005 - DATE AND TIME OF LATEST TRANSACTION
control field 20250625155021.0
020 ## - INTERNATIONAL STANDARD BOOK NUMBER
International Standard Book Number 0-07-082600-5
082 ## - DEWEY DECIMAL CLASSIFICATION NUMBER
Classification number 513.93 ROS
100 ## - MAIN ENTRY--PERSONAL NAME
Author name ROSENBERG R.R.
245 ## - TITLE STATEMENT
Title Business Mathematics
260 ## - PUBLICATION, DISTRIBUTION, ETC.
Place of publication, distribution, etc. New York,
Name of publisher, distributor, etc. McGraw Hill,
Date of publication, distribution, etc. 1975
300 ## - PHYSICAL DESCRIPTION
Extent 279p.;ill,;figure, table, picture
Dimensions 23cm
942 ## - ADDED ENTRY ELEMENTS (KOHA)
Source of classification or shelving scheme Dewey Decimal Classification
Koha item type Books
Holdings
Date last seen Total checkouts Full call number Barcode Cost, replacement price Price effective from Koha item type Lost status Source of classification or shelving scheme Damaged status Not for loan Withdrawn status Home library Current library Shelving location Date acquired Cost, normal purchase price
06/25/2025   513.93 ROS DOM000904 36000.00 06/25/2025 Books   Dewey Decimal Classification       CBE Dodoma CBE Dodoma General Collection 08/19/1996 12000.00